Statistiques concernant Tous les jeux Mario Nintendo 64

Cliquez ici pour prendre le quiz!

Statistiques générales

  • Ce quiz a été pris 48 fois
  • Le résultat moyen est 5 sur 9

Statistiques - réponses

Date sortieNom% Correct
03/1997Super Mario 64
95%
06/1997Mario Kart 64
82%
03/1999Mario Party
75%
10/2000Mario Party 2
70%
11/2001Mario Party 3
70%
11/2000Mario Tennis
50%
10/2001Paper Mario
48%
09/1999Mario Golf
45%
04/2001Dr. Mario 64
11%

Distribution des résultats

Percentile par nombre de réponses

% des personnes avec chaque résultat

Votre développement - résultats

Vous n’avez pas pris ce quiz